000 00377nam a2200133Ia 4500
008 220217s9999||||xx |||||||||||||| ||und||
020 _a9788173197505
082 _a624.15 MEN
100 _aMenon, Devdas
245 0 _aStructural analysis
260 _aNarosa publishing house
_bNew Delhi
_c2016
300 _aXVI, 1232p.
_b850
650 _aSTRUCTURAL ANALYSIS AND DESIGN
999 _c187493
_d187493